000 00309nam a22001337a 4500
008 170926b xxu||||| |||| 00| 0 eng d
020 _a9780669464351
041 _aeng
080 _a37
100 _a46
101 _aEDU
245 _aDAYBOOK OF CRITICAL READING AND WRITING
_cCLAGGETT, F
942 _2udc
_cBK
999 _c29866
_d29866